00237nam a2200085Ia 450000100070000000500170000700800410002424500450006526000410011068991720250826161806.0250824s9999 xx 000 0 und d 0aKAYIP ARANIYORcSAİT FAİK ABASIYANIK bTÜRKİYE İŞ BANKASI YAYINLARI